00858cam a22002411 4500001001300000003000400013005001700017008004100034010001700075020001100092025001900103040002200122050002100144100006000165245005800225260010300283300001800386490004900404500008400453650001300537830004900550999001700599sa 68010326 DLC20260227112551.0850306s1965 ii f000 0 eng  asa 68010326  cRe1.00 aPL480:I-E-7391 aDLC/ICUcICUdDLC00aQH311b.H32 19651 aHaldane, J. B. S.q(John Burdon Sanderson),d1892-1964.14aThe unity and diversity of lifec[by] J.B.S. Haldane. a[New Delhi]bPublications Division, Ministry of Information & Broadcasting, Govt. of Indiac[1965] a84 p.c18 cm.1 aSardar Vallabhbhai Patel lectures,vseries 3 aLectures delivered in New Delhi in 1957 and later broadcast by All India Radio. 0aBiology. 0aSardar Vallabhbhai Patel lectures ;vser. 3. c83374d83374